000 00769nam a2200217Ia 4500
003 GCL
008 140319s9999 xx 000 0 ara d
020 _a?535758977
040 _aGCL /
_cGCL
082 0 4 _a384.55
_bم د
100 1 _aمحمد معوض
245 1 0 _aدراسات فى الاعلام الخليجى /
_cمحمد معوض
250 _aالاولى
260 _aالقاهرة :
_bدار الكتاب الحديث ،
_c2000
300 _a311 ص:
_bايض ؛
_c24 سم
650 0 4 _aالتليفزيون والاطفال
650 0 4 _aالاعلام - دول مجلس التعاون الخليجى
650 0 4 _aالتليفزيون - دول مجلس التعاون الخليجى
650 0 4 _aمحطات التليفزيون
942 _2ddc
_cBK
999 _c6644
_d6644